[Event "Brasilia Valadares Memorial"]
[Site "Brasilia"]
[Date "2010.03.09"]
[Round "2.2"]
[White "De Oliveira, Maicon Almeida"]
[Black "De Paiva, Jonas Nascimento"]
[Result "0-1"]
[WhiteElo "1908"]
[BlackElo "2024"]
[PlyCount "70"]
[EventDate "2010.03.08"]
[EventType "swiss"]
[EventRounds "6"]
[EventCountry "BRA"]
[SourceTitle "EXT 2022"]
[Source "ChessBase"]
[SourceDate "2021.10.06"]
[SourceVersion "1"]
[SourceVersionDate "2021.10.06"]
[SourceQuality "1"]

1. e4 c5 2. Nc3 d6 3. Nf3 Nc6 4. d4 cxd4 5. Nxd4 a6 6. Be2 e5 7. Nb3 Nf6 8. Be3 b5 9. Nd5 Rb8 10. f3 Nxd5 11. Qxd5 Qc7 12. c3 Be7 13. 0-0 0-0 14. f4 Be6 15. Qd2 f5 16. exf5 Bxf5 17. Qd5+ Kh8 18. g4 exf4 19. Rxf4 Bg6 20. Rxf8+ Rxf8 21. Nd2 Ne5 22. a4 Bf7 23. Qd4 Bf6 24. Qb4 Nc6 25. Qa3 Re8 26. Nf1 Bc4 27. Bxc4 bxc4 28. b4 Ne5 29. h3 Qb7 30. Qb2 Nf3+ 31. Kf2 Bh4+ 32. Kg2 Qe4 33. Rd1 Ng5+ 34. Kh2 Qf3 35. Rxd6 Qxh3+ 0-1